00689nam a2200181 4500001000700000003000900007005001700016007000300033008004100036100003500077245005500112260005700167300003000224710008000254852003200334999001900366952012200385112621ES-MaACL20230906185556.0t|061121s1969 sp r ||||1| spa d1 aMuñoz Valle, Isidoro.98451110aEstudios sobre Séneca / cIsidoro Muñoz Valle. aCórdoba : bReal Academia de Bellas Artes, c1969. a67 p. 4 lám. ; c21 cm.2 aReal Academia de Córdoba de Ciencias, Bellas Letras y Nobles Artes.96302 aES-MaACLjC-36442 bR.69508 c112621d112621 00104070aATENEOMbATENEOMcDEPO2d2008-01-17eSCl0oC-36442p1117477r2023-02-23 00:00:00w2023-02-23yMONOGRAFIA